AGRO-INDUSTRY DEVELOPMENT POLICY 2019-2030. (Record no. 22151)
[ view plain ]
| 000 -LEADER | |
|---|---|
| fixed length control field | 00265nam a22001097a 4500 |
| 040 ## - CATALOGING SOURCE | |
| Transcribing agency | rua |
| 082 ## - DEWEY DECIMAL CLASSIFICATION NUMBER | |
| Classification number | AID NOV 2018 C011 Or. |
| 245 ## - TITLE STATEMENT | |
| Title | AGRO-INDUSTRY DEVELOPMENT POLICY 2019-2030. |
| 260 ## - PUBLICATION, DISTRIBUTION, ETC. (IMPRINT) | |
| Place of publication | phnom penh |
| Name of publisher | rua |
| Year of publication | 2018 |
| 300 ## - PHYSICAL DESCRIPTION | |
| Number of Pages | 13p. |
| Other physical details | ill. |
| Dimensions | 29cm. |
| 942 ## - ADDED ENTRY ELEMENTS (KOHA) | |
| Koha item type | ឯកសារស្រាវជ្រាវ |
| 952 ## - LOCATION AND ITEM INFORMATION (KOHA) | |
| Withdrawn status [LOCAL, KOHA] | 0 |
| Permanent Location | Date acquired | Koha item type | Lost status | Shelving location | Barcode | Current Location | Full call number |
|---|---|---|---|---|---|---|---|
| Library Block C | 2023-11-08 | ឯកសារស្រាវជ្រាវ | C011 | a073657 | Library Block C | AID NOV 2018 C011 Or. |